000 00353nam a2200157Ia 4500
003 OSt
005 20240329105419.0
008 170524s9999 xx 000 0 und d
020 _a9780070080485
040 _cIIMT UNIVERSITY
100 _aBHOLE, L.M
245 0 _aFinanical institution and market
260 _aTMH
300 _a000
942 _2ddc
_c02
999 _c3262
_d3262